<?xml version="1.0" encoding="UTF-8"?>
<record
    xmlns:xsi="http://www.w3.org/2001/XMLSchema-instance"
    xsi:schemaLocation="http://www.loc.gov/MARC21/slim http://www.loc.gov/standards/marcxml/schema/MARC21slim.xsd"
    xmlns="http://www.loc.gov/MARC21/slim">

  <leader>00434nam a22001457a 4500</leader>
  <controlfield tag="005">20180823131852.0</controlfield>
  <datafield tag="020" ind1=" " ind2=" ">
    <subfield code="a">8170002755</subfield>
    <subfield code="c">575.00</subfield>
  </datafield>
  <datafield tag="035" ind1=" " ind2=" ">
    <subfield code="a">B-31464, B-031466</subfield>
  </datafield>
  <datafield tag="037" ind1=" " ind2=" ">
    <subfield code="a">DPL</subfield>
    <subfield code="b">ENG</subfield>
  </datafield>
  <datafield tag="100" ind1=" " ind2=" ">
    <subfield code="a">Nair, R. Raman</subfield>
  </datafield>
  <datafield tag="245" ind1=" " ind2=" ">
    <subfield code="a">Internet for library and information services /</subfield>
    <subfield code="c">by R. Raman Nair</subfield>
  </datafield>
  <datafield tag="260" ind1=" " ind2=" ">
    <subfield code="a">New Delhi</subfield>
    <subfield code="b">Ess Ess Publications</subfield>
    <subfield code="c">1999</subfield>
  </datafield>
  <datafield tag="300" ind1=" " ind2=" ">
    <subfield code="a">253p.</subfield>
    <subfield code="c">20 cms.</subfield>
  </datafield>
  <datafield tag="942" ind1=" " ind2=" ">
    <subfield code="2">ddc</subfield>
    <subfield code="c">EN</subfield>
    <subfield code="h">021.65</subfield>
    <subfield code="m">NAI</subfield>
  </datafield>
  <datafield tag="999" ind1=" " ind2=" ">
    <subfield code="c">63315</subfield>
    <subfield code="d">63315</subfield>
  </datafield>
  <datafield tag="952" ind1=" " ind2=" ">
    <subfield code="0">0</subfield>
    <subfield code="1">0</subfield>
    <subfield code="4">0</subfield>
    <subfield code="7">0</subfield>
    <subfield code="8">NFIC</subfield>
    <subfield code="a">ZLS</subfield>
    <subfield code="b">ZLS</subfield>
    <subfield code="d">2012-02-22</subfield>
    <subfield code="g">575.00</subfield>
    <subfield code="l">0</subfield>
    <subfield code="o">021.65 NAI</subfield>
    <subfield code="p">B-31464</subfield>
    <subfield code="r">2012-02-22 00:00:00</subfield>
    <subfield code="v">575.00</subfield>
    <subfield code="w">2012-02-22</subfield>
    <subfield code="y">EN</subfield>
  </datafield>
  <datafield tag="952" ind1=" " ind2=" ">
    <subfield code="0">0</subfield>
    <subfield code="1">0</subfield>
    <subfield code="4">0</subfield>
    <subfield code="7">0</subfield>
    <subfield code="8">NFIC</subfield>
    <subfield code="a">BL4</subfield>
    <subfield code="b">BL4</subfield>
    <subfield code="d">2018-08-23</subfield>
    <subfield code="e">BPPD/PUB</subfield>
    <subfield code="g">575.00</subfield>
    <subfield code="l">0</subfield>
    <subfield code="o">021.65 NAI</subfield>
    <subfield code="p">B-031466</subfield>
    <subfield code="r">2018-08-23 00:00:00</subfield>
    <subfield code="v">575.00</subfield>
    <subfield code="y">EN</subfield>
  </datafield>
</record>
